ბათუმის შოთა რუსთაველის სახელმწიფო უნივერსიტეტის ბიბლიოთეკა

თხზულებანი ორ ტომად. ტ.1 ლექსები 1921-1951 (ბიბ.ჩანაწერი № 42965)

000 -LEADER
fixed length control field 00729nam a2200205Ia 4500
001 - CONTROL NUMBER
control field 9682
003 - CONTROL NUMBER IDENTIFIER
control field GE_BSU
008 - FIXED-LENGTH DATA ELEMENTS--GENERAL INFORMATION
fixed length control field 181216s||||||||xx |||||||||||||| ||und||
040 ## - CATALOGING SOURCE
Transcribing agency GE_BSU
080 ## - UNIVERSAL DECIMAL CLASSIFICATION NUMBER
Universal Decimal Classification number 821.353.1+821.353.1-1
100 ## - MAIN ENTRY--PERSONAL NAME
Personal name მირცხულავა,ალიო
245 ## - TITLE STATEMENT
Title თხზულებანი ორ ტომად. ტ.1 ლექსები 1921-1951
245 ## - TITLE STATEMENT
Statement of responsibility, etc. რედ.ილ.ხოშტარია.მხატვ.რ.მახარაძე.
260 ## - PUBLICATION, DISTRIBUTION, ETC.
Place of publication, distribution, etc. თბილისი
260 ## - PUBLICATION, DISTRIBUTION, ETC.
Name of publisher, distributor, etc. საბჭოთა საქართველო
260 ## - PUBLICATION, DISTRIBUTION, ETC.
Date of publication, distribution, etc. 1969
300 ## - PHYSICAL DESCRIPTION
Extent 402გვ.1ფ.პორტრ.20სმ.
653 ## - INDEX TERM--UNCONTROLLED
Uncontrolled term თხზულებანი
942 ## - ADDED ENTRY ELEMENTS (KOHA)
Koha item type წიგნი
ეგზემპლარები
Withdrawn status Lost status Damaged status Not for loan Date acquired Barcode Date last seen Price effective from Koha item type
        2018-12-17 32702 2018-12-17 2018-12-17 წიგნი
        2018-12-17 32703 2018-12-17 2018-12-17 წიგნი